| 000 | 00507nam a22001577a 4500 | ||
|---|---|---|---|
| 005 | 20120503123326.0 | ||
| 020 |
_a0224061607 _c00.00 |
||
| 035 | _aB-83027 | ||
| 037 |
_aDPL _bENG |
||
| 100 |
_aRushdie, Salman _946292 |
||
| 245 |
_aStep across this line : _bCollected non-fiction 1992-2002 / |
||
| 260 |
_aLondon _bJonathan Cape _c2002 |
||
| 300 |
_aix, 454p. _c20 cms. |
||
| 942 |
_2ddc _cEN _h080 _mSAL |
||
| 999 |
_c66067 _d66067 |
||